James Bond Opening Song by Composer - Statistics

General Stats
  • This quiz has been taken 13 times
    12 since last reset
  • The average score is 14 of 25
Answer Stats
Hint Extra Hint Answer % Correct
Skyfall Skyfall Adele
89%
No Time to Die No Time to Die Billie Eilish
89%
Die Another Day Die Another Day Madonna
89%
Writing's On the Wall Spectre Sam Smith
89%
Goldfinger Goldfinger Shirley Bassey
78%
You Know My Name Casino Royale Chris Cornell
67%
Live and Let Die Live and Let Die Paul McCartney & Wings
67%
A View To A Kill A View To A Kill Duran Duran
56%
The World is Not Enough The World is Not Enough Garbage
56%
Another Way To Die Quantum of Solace Jack White & Alicia Keys
56%
You Only Live Twice You Only Live Twice Nancy Sinatra
56%
Diamonds Are Forever Diamonds Are Forever Shirley Bassey
56%
Moonraker Moonraker Shirley Bassey
56%
GoldenEye GoldenEye Tina Turner
56%
Thunderball Thunderball Tom Jones
56%
Nobody Does it Better The Spy Who Loved Me Carly Simon
44%
License To Kill License To Kill Gladys Knight
44%
All Time High Octopussy Rita Coolidge
44%
The Living Daylights The Living Daylights A-ha
33%
The James Bond Theme Dr. No John Barry
33%
We Have All the Time in the World On Her Majesty's Secret Service Louis Armstrong
33%
The Man with the Golden Gun The Man with the Golden Gun Lulu
33%
For Your Eyes Only For Your Eyes Only Sheena Easton
33%
Tomorrow Never Dies Tomorrow Never Dies Sheryl Crow
33%
From Russia with Love From Russia with Love Matt Monro
22%
No matching quizzes found
Score Distribution
Percent of People with Each Score
Percentile by Number Answered
Your Score History
You have not taken this quiz since the last reset